000 01479nam a2200433 i 4500
001 52048
003 ES-MaCES
005 20220408040014.0
008 211216s2021 sp 000 | spa d
017 _aV 3058-2021
_bDL
020 _a9788413975665
040 _aES-MaCES
_bspa
_cES-MaCES
245 1 3 _aLa interpretación y aplicación del Derecho en clave de igualdad de género
_cAlicia Cárdenas Cordón, Octavio Salazar Benítez, coords.
260 _aValencia
_bTirant lo Blanch
_c2021
300 _a295 p.
_c22 cm
490 1 _aTirant monografías. Alta calidad en investigación jurídica
504 _aBibliografía
541 0 _cCompra
650 4 _amujeres
_928657
650 4 _aderechos de la mujer
_927173
650 4 _aigualdad de oportunidades
_927183
650 4 _adiscriminación por razones de sexo
_929521
650 4 _aviolencia
_929388
650 4 _aacoso sexual
_929555
650 4 _acuidado no profesional
_930651
650 4 _aresponsabilidades familiares
_930598
650 4 _aama de casa
_929260
650 4 _atrabajo no remunerado
_929526
650 4 _aderecho internacional
_926684
650 4 _aderecho jurisprudencial
_929863
650 4 _aEspaña
_926964
650 4 _arégimen jurídico
_929894
653 1 0 _aMujer
700 1 _940122
_aCárdenas Cordón, Alicia
_ecoord.
700 1 _923069
_aSalazar Benítez, Octavio
_ecoord.
830 0 _aTirant monografías
_932480
902 _aLIB Libro
942 _2CES
_cBK
_h3.3.
999 _c52048
_d52048